logo

Bir Sreshtho Munshi Abdur Rouf Library
Jhenaidah Cadet College

ভাতের কেচ্ছা / (Record no. 13049)

MARC details
000 -LEADER
fixed length control field 00738nam a2200229 a 4500
003 - CONTROL NUMBER IDENTIFIER
JCCL marc code BD-JhCC
005 - DATE AND TIME OF LATEST TRANSACTION
control field 20230615090307.0
008 - FIXED-LENGTH DATA ELEMENTS--GENERAL INFORMATION
fixed length control field 230614b2023 b ||||| |||| 00| 0 eng d
020 ## - INTERNATIONAL STANDARD BOOK NUMBER
International Standard Book Number 9789847769691
035 ## - SYSTEM CONTROL NUMBER
system control number (BD-JhCC)
040 ## - CATALOGING SOURCE
Original cataloging agency BD-JhCC
Modifying agency BD-JhCC
041 ## - LANGUAGE CODE
Language code of Book Bengali
082 ## - DEWEY DECIMAL CLASSIFICATION NUMBER
Author mark and Year KAM 2023
Classification number 891.4435
100 ## - MAIN ENTRY--PERSONAL NAME
Personal name দিপা, কামরুন্নাহার
245 ## - TITLE STATEMENT
Title ভাতের কেচ্ছা /
Statement of responsibility, etc কামরুন্নাহার দিপা
260 ## - PUBLICATION, DISTRIBUTION, ETC. (IMPRINT)
Place of publication, distribution, etc ঢাকা:
Name of publisher, distributor, etc ঐতিহ্য
Date of publication, distribution, etc 2023
300 ## - PHYSICAL DESCRIPTION
Pagination ৯৪ পৃ. :
Dimensions ২১ সেমি.
600 ## - SUBJECT ADDED ENTRY--PERSONAL NAME
Personal name কামরুন্নাহার দিপা /
650 ## - SUBJECT ADDED ENTRY--TOPICAL TERM
Topical term or geographic name as entry element Bengali Short story
650 ## - SUBJECT ADDED ENTRY--TOPICAL TERM
Topical term or geographic name as entry element Ghost
942 ## - ADDED ENTRY ELEMENTS (KOHA)
Source of classification or shelving scheme Dewey Decimal Classification
Koha item type Books
Holdings
Source of classification or shelving scheme Damaged status Not for loan Home library Current library Shelving location Date of accession Cost, normal purchase price Full call number Barcode Date last seen Copy number Method of acquisition Koha item type Currency
Dewey Decimal Classification     JCC Rouf Library JCC Rouf Library General Stacks 06/14/2023 188.00 891.4435 KAM 2023 17933 06/14/2023 C-1 Purchase Books BDT

JCC Library | Contacts | JCC Home

Last Update on 23 September 2017
Copyright @ 2017-2020 JCC Rouf Library
Rouf Library, Jhenidah Cadet College (JCC), Bangladesh